[Event "Scarborough CC Falling Leaves U1800"]
[Site "Toronto"]
[Date "2011.12.15"]
[Round "7"]
[White "Radpey, Abdolreza"]
[Black "Zhong, Joey"]
[Result "0-1"]
[WhiteElo "1613"]
[BlackElo "1366"]
[PlyCount "104"]
[EventDate "2011.11.03"]
[EventType "swiss"]
[EventRounds "7"]
[EventCountry "CAN"]
[SourceTitle "EXT 2022"]
[Source "ChessBase"]
[SourceDate "2021.10.06"]
[SourceVersion "1"]
[SourceVersionDate "2021.10.06"]
[SourceQuality "1"]

1. Nf3 Nf6 2. d4 e6 3. c4 b6 4. Nc3 Bb7 5. e3 Bb4 6. Bd2 0-0 7. Bd3 d5 8. a3 Be7 9. b4 Nbd7 10. c5 a6 11. Qc2 b5 12. Ne2 c6 13. Ng3 Qb8 14. Ng5 h6 15. Nh7 Re8 16. Nxf6+ Bxf6 17. Nh5 Bd8 18. f4 e5 19. dxe5 Nxe5 20. fxe5 Qxe5 21. Bc3 Qxh5 22. 0-0 Bc7 23. h3 Bc8 24. Rf3 Bd7 25. Raf1 Rf8 26. Bh7+ Kh8 27. Bg6 Qg5 28. Rxf7 Rxf7 29. Rxf7 Qxe3+ 30. Kh1 d4 31. Rf3 Qe5 32. Kg1 dxc3 33. Kf1 Be6 34. Rxc3 Rf8+ 35. Rf3 Bc4+ 36. Bd3 Rxf3+ 37. gxf3 Qd5 38. Ke2 Bxd3+ 39. Qxd3 Qxd3+ 40. Kxd3 Kg8 41. Ke4 Kf7 42. f4 g5 43. fxg5 hxg5 44. Kf5 Bf4 45. Ke4 Ke6 46. Kd3 Kd5 47. Kc3 Ke4 48. Kb3 Kf3 49. a4 Kg3 50. axb5 axb5 51. Kc2 Kxh3 52. Kd1 g4 0-1